000 00345cam a22001451 4500
040 _cICU
082 0 0 _a574 SAU 1960 A084 Or.
100 1 _aDe Robertis, Eduardo D. P.,
245 1 0 _aGeneral cytology
250 _a3d ed.
260 _aPhiladelphia,
_bSaunders,
_c1960.
300 _a555 p.
_billus.
_c25 cm.
650 0 _aCytology.
942 _cEK
999 _c16175
_d16175